000 00332 a2200109 4500
001 ART_51817
005 20260410162044.0
008 260409a
245 1 0 _aEl nuevo Régimen de información de planificaciones fiscales
100 1 _aCoronello, Silvina E.
773 0 _tImpuestos
_g- N°88 (nov. 2020)
_wREV45175
999 _c35192
_d35192